| 000 | 00736nam a2200241Ia 4500 | ||
|---|---|---|---|
| 008 | 160319s9999 xx 000 0 und d | ||
| 245 | _aMultiple sounds and spellings / | ||
| 245 | _cTLC Music. | ||
| 260 | _bTLC MUSIC | ||
| 260 | _c2008 | ||
| 300 | _a1 videodisc : | ||
| 300 | _bsound., color ; | ||
| 300 | _c4 3/4 in. | ||
| 440 | _aLet's start smart : learning to read series. | ||
| 500 | _a"TLCV004"--Container. | ||
| 650 | _aEnglish language -- | ||
| 650 | _aEnglish language -- | ||
| 650 | _aEnglish language -- | ||
| 650 | _xSound recordings for foreign speakers. | ||
| 650 | _xSpelling -- Audio-visual aids. | ||
| 650 | _xStudy and teaching -- Audio-visual aids | ||
| 700 | _aTLC Music (Firm), Corporate. | ||
| 999 |
_c292448 _d292448 |
||